000 01101cam a22002415a 4500
008 120321s2012 xxk f 000 0 eng d
020 _a9781842197677
035 _a(Sirsi) u155409
041 0 _aeng
050 0 4 _a581.65 $2 20
110 2 _aRoyal Institution of Chartered Surveyors
_94900
245 0 0 _aJapanese knotweed and residential property
_h[old edition]
260 _aCoventry
_bRICS
_c2012
490 0 _aRICS Information Paper
_v(IP 27/2012)
520 _aAddendum published and effective from 1 September 2015. L
520 _aFocuses on the problems that Japanese Knotweed has been causing in residential property and provides information on the damage it can cause and how to treat it.
520 _aSuperseded by Professional standard of the same title, but as a PS it is also a first edition, ISBN 9781783214556
590 _aKA
650 2 4 _aJAPANESE KNOTWEED
651 4 _aENGLAND AND WALES
856 4 1 _uhttps://www.rics.org/content/dam/ricsglobal/documents/standards/Japanese_Knotweed_and_Residential_Property_1st_Edition.pdf
_zAvailable on RICS.org
942 _n0
_2ddc
999 _c113550
_d113550